| 000 | 00578nam a2200217Ia 4500 | ||
|---|---|---|---|
| 003 | OSt | ||
| 005 | 20221002054800.0 | ||
| 006 | a|||||r|||| 00| 0 | ||
| 007 | ta | ||
| 008 | 220930b |||||||| |||| 00| 0 eng d | ||
| 024 | _a70434 | ||
| 037 | _cReference Collections | ||
| 040 |
_aCRL _cCRL _beng |
||
| 041 |
_2eng _aeng |
||
| 082 | _aM2n2,N50, J6(RR) | ||
| 100 |
_aGates-reed G.H. Au. _9576265 |
||
| 245 | 0 | _aIndian press year book | |
| 260 | _c1956 | ||
| 942 |
_hM2n2,N50, J6(RR) _cref _2CC |
||
| 999 |
_c925873 _d925873 |
||